000 00564nam a2200217Ia 4500
003 OSt
005 20230508113206.0
008 210423s2012 xx 000 0 und d
020 _a9780071106566
040 _cAL
041 _aeng
082 _a621.319 FOWR
_223
100 _aFOWLER (Richard J).
_999868
245 _aElectricity: principles and applications.
250 _a7
260 _aNew Delhi
_bTata McGraw-hill
_c2012
300 _axi,511
_bPB
365 _b2415.35
_cINR
906 _aapplications. ; Electricity: ; principles
942 _2ddc
_cBK
999 _c162458
_d162458